Percepcia Slovenskej republiky ako turistickej destinácie domácimi návštevníkmi bakalárska práca

Salvato in:
Dettagli Bibliografici
Autore principale: Michalovič, Samuel
Ente Autore: Obchodná fakulta EU. Katedra cestovného ruchu
Altri autori: Smetanová, Petra, 1999-
Natura: Libro
Lingua:slovacco
Pubblicazione: Bratislava 2025
Tags: Aggiungi Tag
Nessun Tag, puoi essere il primo ad aggiungerne!!

MARC

LEADER 00000nbm a2200000 4500
001 0311126
005 20251112134813.1
041 0 |a slo 
044 |a SK 
245 1 0 |a Percepcia Slovenskej republiky ako turistickej destinácie domácimi návštevníkmi  |b bakalárska práca  |c Samuel Michalovič ; školiteľ: Petra Smetanová 
264 1 |a Bratislava  |c 2025 
300 |a 60 s. 
100 1 |a Michalovič, Samuel 
700 1 |a Smetanová, Petra, 1999- 
710 2 |a Obchodná fakulta EU. Katedra cestovného ruchu